Cuarta Bienal Internacional del Cartel en México 1996 = Fourth International Biennial of the Poster in Mexico 1996 = Quatrième Biennale Internationales de l'Affiche au Mexique 1996 /

Guardado en:
Bibliografiske detaljer
Institution som forfatter: Bienal Internacional del Cartel en México
Format: Procedimiento de la conferencia Bog
Sprog:spansk
Udgivet: México : Aguascalientes, México : CONACULTA : Fondo Nacional para la Cultura y las Artes ; Gobierno del Estado de Aguascalientes, 1996, c1996
Fag:
Tags: Tilføj Tag
Ingen Tags, Vær først til at tagge denne postø!

MARC

LEADER 00000nam^a2200000^a^4500
001 000275393
005 20250521000000.0
009 20260310111230.131
037 |a Acervo ITESO - Biblioteca 
041 |a ESP 
082 |a 741. 674  |b BIE 1996 V. 1 
111 |a Bienal Internacional del Cartel en México (  |n 4a :  |d 1996) 
240 1 1 |a [Bienal Internacional del Cartel] 
245 1 0 |a Cuarta Bienal Internacional del Cartel en México 1996 =  |b Fourth International Biennial of the Poster in Mexico 1996 = Quatrième Biennale Internationales de l'Affiche au Mexique 1996 /  |c Bienal Internacional del Cartel en México. 
264 4 |a México :  |b CONACULTA :  |c 1996, c1996  |b Fondo Nacional para la Cultura y las Artes ;  |a Aguascalientes, México :  |b Gobierno del Estado de Aguascalientes, 
300 |a 201 p. 
336 |a texto  |b txt  |2 rdacontenido 
337 |a sin mediación  |b n  |2 rdamedio 
338 |a volumen  |b nc  |2 rdasoporte 
649 |a XX 
650 |a Carteles -  |z México -  |x Concursos -  |x Tema Principal 
650 |a Diseño Gráfico -  |y 1990-1999 
650 |a Diseño Gráfico -  |y Siglo XX 
650 |a Arte -  |z México -  |x Concursos 
650 |a Arte -  |y 1990-1999 
650 |a Arte -  |y Siglo XX 
650 |a Comunicación Visual 
910 |a Fondo General 
920 |a Impresos - Libros 
930 |a Colección General 
905 |a 101 
901 |a 0500025072  |b IT1  |c ACC  |u 20250521 
902 |a https://opac.biblio.iteso.mx/vufind/Record/000275393